UBT Library

Macroeconomic theory / (Record no. 42971)

000 -LEADER
fixed length control field 00568nam a22002295i 4500
001 - CONTROL NUMBER
control field 19999666
005 - DATE AND TIME OF LATEST TRANSACTION
control field 20180221032845.0
008 - FIXED-LENGTH DATA ELEMENTS--GENERAL INFORMATION
fixed length control field 170914s2017 nyu 000 0 eng
010 ## - LIBRARY OF CONGRESS CONTROL NUMBER
LC control number 2017954931
020 ## - INTERNATIONAL STANDARD BOOK NUMBER
International Standard Book Number 9783319601489 (alk. paper)
040 ## - CATALOGING SOURCE
Original cataloging agency DLC
Language of cataloging eng
Description conventions rda
Transcribing agency DLC
041 ## - LANGUAGE CODE
Language code of text/sound track or separate title eng
042 ## - AUTHENTICATION CODE
Authentication code pcc
080 ## - UNIVERSAL DECIMAL CLASSIFICATION NUMBER
Universal Decimal Classification number 330 GAR
100 ## - Rafti
Rafti 52
101 ## - Shkurtesa
Shkurtesa ECO
245 00 - TITLE STATEMENT
Title Macroeconomic theory /
Statement of responsibility, etc [edited by] Volker Bohm.
263 ## - PROJECTED PUBLICATION DATE
Projected publication date 1710
906 ## - LOCAL DATA ELEMENT F, LDF (RLIN)
a 0
b ibc
c orignew
d 2
e epcn
f 20
g y-gencatlg
942 ## - ADDED ENTRY ELEMENTS (KOHA)
Source of classification or shelving scheme
Item type Books
Holdings
Withdrawn status Lost status Source of classification or shelving scheme Damaged status Not for loan Collection code Permanent location Current location Shelving location Date acquired Total Checkouts Full call number Barcode Date last seen Price effective from Koha item type
          Koleksioni i përgjithshem UBT - Lipjan UBT - Lipjan Koleksioni i përgjithshem 02/21/2018   330 GAR 002-2999979 02/21/2018 02/21/2018 Books
UBT Library © 2015-2024. All rights reserved University Education for Business and Technology